| 000 | 00779cab a2200241 4500 | ||
|---|---|---|---|
| 001 | ABS46520 | ||
| 008 | 090401t1992 xxu||||| |||| 00| 0 eng d | ||
| 035 | _a(Sirsi) u58646 | ||
| 041 | _aeng | ||
| 245 | _aLansdowne Building breaks the mould and then remakes it | ||
| 260 | _c1992 | ||
| 350 | _a0 | ||
| 490 |
_aChartered Surveyor Weekly _v39(3) 25 June 1992, 24-27(4) |
||
| 520 | _aRoad Test appraisal of the Lansdowne Building in Croydon, in which a panel of experts to judge each facet of the building`s performance from an occupier`s viewpoint. | ||
| 650 |
_aBlock management _96220 |
||
| 650 | _aLOCATION | ||
| 650 | _aOFFICES | ||
| 650 | _aROAD TEST | ||
| 650 | _aTENANTS | ||
| 690 | _aBUILDING AND CONSTRUCTION-PROJECTS | ||
| 942 | _n0 | ||
| 948 | _c04/03/1997 | ||
| 999 |
_c35847 _d35847 |
||